01350nam a22003254a 4500001001200000003000800012006001900020007001500039008004100054010001700095020002200112040002100134035002000155050002600175082001600201245010200217260003700319300003200356500010300388504006400491533015200555650002600707651003800733651003600771655002900807700002600836710001700862856012600879999001901005ebr10056144CaPaEBRm u cr cn|||||||||030130s2003 cauab sb 001 0 eng  z 2003002047 z0833033441 (pbk.) aCaPaEBRcCaPaEBR a(OCoLC)5406905114aHC427.95b.F37 2003eb04a330.95122100aFault lines in China's economic terrainh[electronic resource] /cCharles Wolf, Jr. ... [et al.]. aSanta Monica, CA :bRAND,c2003. axxvii, 207 p. :bill., map. a"Prepared for the Office of Net Assessment, Dept. of Defense and the Smith Richardson Foundation." aIncludes bibliographical references (p. 181-194) and index. aElectronic reproduction.bPalo Alto, Calif. :cebrary,d2013.nAvailable via World Wide Web.nAccess may be limited to ebrary affiliated libraries. 0aPublic healthzChina. 0aChinaxEconomic conditionsy2000- 0aChinaxSocial conditionsy2000- 7aElectronic books.2local1 aWolf, Charles,d1924-2 aebrary, Inc.40uhttp://site.ebrary.com/lib/rucke/Doc?id=10056144zAn electronic book accessible through the World Wide Web; click to view c173065d173065